| 000 | 00399nam a2200157Ia 4500 | ||
|---|---|---|---|
| 008 | 230312s9999||||xx |||||||||||||| ||und|| | ||
| 020 | _a0-07-882476 | ||
| 082 |
_a005.133 _bCOM |
||
| 100 | _aSchildt,Herbert | ||
| 245 | 0 | _aComplete Reference C + + | |
| 260 |
_bMcGraw Hill _aNew York |
||
| 300 | _a1008 | ||
| 546 | _aEng. | ||
| 650 |
_aComputer _vOperator Overloading , Inheritance , |
||
| 942 | _cBK | ||
| 999 |
_c3125 _d3125 |
||